Cláusulas relativas en el criollo limonense

সংরক্ষণ করুন:
গ্রন্থ-পঞ্জীর বিবরন
প্রধান লেখক: Zúñiga Arguello, René
বিন্যাস: অজ্ঞাত
ভাষা:Spanish
প্রকাশিত: Costa Rica Universidad de Costa Rica 2013
বিষয়গুলি:
ট্যাগগুলো: ট্যাগ যুক্ত করুন
কোনো ট্যাগ নেই, প্রথমজন হিসাবে ট্যাগ করুন!

MARC

LEADER 00000 a2200000 4500
008 190624b ||||| |||| 00| 0 spa d
999 |c 30734  |d 30734 
040 |a cru BVZT  
090 |a TESIS 935 
100 |a Zúñiga Arguello, René 
245 |a Cláusulas relativas en el criollo limonense  |c  René Zúñiga Arguello 
260 |a Costa Rica  |b Universidad de Costa Rica  |c 2013 
300 |a 116 páginas 
650 0 |9 237  |a TRABAJO FINAL DE GRADUACIÓN 
650 0 |9 55  |a LINGÜÍSTICA  
653 |a MAESTRÍA ACADÉMICA EN LINGÜÍSTICA  
653 |a CLAÚSULAS RELATIVAS  |a CRIOLLO LIMONENSE 
942 |c SALA  |h TESIS 935  |2 z